Регионална библиотека "Любен Каравелов" - Русе

Буржоазни педагогически възгледи у нас до 1944 година (Запис номер 154279)

MARC детайли
000 -Лидер
Контролно поле с фиксирана дължина nam a22 a 4500
003 - Код на организацията, давaща контролен номер
Контролно поле BLK
005 - Дата и час на последна редакция
Контролно поле 20220503101159.0
008 - Елементи от данни с фиксирана дължина
fixed length control field 180410b bul|||||r ||||||| ||bul||
010 ## - Наследен системен номер
LC control number KNG00160848000
040 ## - Източник на каталожния запис
Идентификатор на билиотеката - собственик на записа BLK
041 ## - Код за език
Код за езика на текст/звукозапис или на отделно заглавие Български
Код за езика КДБФ Български
080 ## - УДК
Текстов определител УДК Основи на възпитанието (материални, теоретични, философски и др.). Педагогика
УДК код - определител по УДК 37.01
УДК - код + определител 37.01
100 1# - Редна дума - Автор
Автор Чакъров, Найден Георгиев
Авторска отговорност първи автор
R(LIN) 372624
139 ## - Редно поле
Редна дума Буржоазни педагогически възгледи у нас до 1944 година
Авторски знак Бур - Б 87
245 10 - Сведения за заглавието
Заглавие Буржоазни педагогически възгледи у нас до 1944 година
Подзаглавни данни Сб. статии
Редно поле (дума) Найден Георгиев Чакъров; * Жечо Господинов Атанасов; * Борис Димитров Иванов; * Обрешко Обрешков Димлев; * Банко Петков Ганов.
257 ## - Страна на издаване
Страна на създаване/издаване България
260 ## - Област на издателските данни
Име на издателя, разпространителя и проч. Нар. просв.
Година на издаване 1964
Място на издаване, разпространение и проч. София
300 ## - Физическа характеристика
Страници 172 с.
Размери/Мащаб 22 см
380 ## - Жанр
Жанр Обществени науки
500 ## - Общи забележки
Забележка Други авт.: Ж. Г. Атанасов, Б. Д. Иванов, О. О. Димлев, Б. П. Ганов. - 3 679 тир. - Библиогр. под линия.
700 1# - Други автори (авторска отговорност)
Лично име Атанасов, Жечо Господинов
Автороска отговорност (Описва отношението между автора и произведението) *
9 (RLIN) 364564
700 1# - Други автори (авторска отговорност)
Лично име Иванов, Борис Димитров
Автороска отговорност (Описва отношението между автора и произведението) *
9 (RLIN) 332403
700 1# - Други автори (авторска отговорност)
Лично име Димлев, Обрешко Обрешков
Автороска отговорност (Описва отношението между автора и произведението) *
9 (RLIN) 62739
700 1# - Други автори (авторска отговорност)
Лично име Ганов, Банко Петков
Автороска отговорност (Описва отношението между автора и произведението) *
9 (RLIN) 332404
852 ## - Местоположение
Форматна сигнатура Цб 31861
Фондова буква Хранилище
856 4# - Електронен адрес и достъп
Електронен формат pdf - файл
856 4# - Електронен адрес и достъп
Електронен формат pdf - файл
999 ## - СИСТЕМНИ КОНТРОЛНИ НОМЕРА
Koha biblionumber 154279
Koha biblioitemnumber 154279
942 ## - АРТИКУЛИ
Вид на библиотечния материал Книги
Скрит в OPAC Не
Периодичен библиозапис Да
944 ## - СЪЗДАВАНЕ И РЕДАКЦИЯ на ЗАПИСА
Създаване/Редакция Създаване
Дата на регистрацията/редакция 16.05.2014
Статус, дата на статуса 16.05.2014 - от С1,Р / 16.05.2014
Служител, извършил регистрацията/редакцията Правда_Бадева
944 ## - СЪЗДАВАНЕ И РЕДАКЦИЯ на ЗАПИСА
Създаване/Редакция Редакция
Дата на регистрацията/редакция 16.05.2014
Статус, дата на статуса 16.05.2014 - от С1,Р / 16.05.2014
999 ## - СИСТЕМНИ КОНТРОЛНИ НОМЕРА
Koha biblioitemnumber 154279
Наличности
Код за отписване Код за изгубен артикул Източник на класификационната схема Код за повреда Коз за рестрикции Код за отдаване Артикулен № Име на библиотеката - собственик Име на библиотеката, в която се намира в момента Статус (Текущо местоположение) Дата на вписване в системата Местоположение - отдел Цена в лева Инвентарен номер Систематично азбучна сигнатура Баркод Номер на екземпляра Цена в евро Служебна бележка Служебен тип на артикула
  Не е изгубен Universal Decimal Classification Не е повреден само за читалня ползва се в читалня 258582 Регионална библиотека "Любен Каравелов" Русе Регионална библиотека "Любен Каравелов" Русе Хранилище 1964-01-01 Хранилище 0.36 16645/64 Цб 31861 900000093920 1 0.18 N: стар фонд Дата: 01.01.1964 Книги
Vip Innovations Ltd, Rousse, Bulgaria 2025